Community health education methods : A practical guide (Record no. 1461589)

MARC details
000 -LEADER
fixed length control field 00667nam a2200217Ia 4500
005 - DATE AND TIME OF LATEST TRANSACTION
control field 20250923150257.0
008 - FIXED-LENGTH DATA ELEMENTS--GENERAL INFORMATION
fixed length control field 008 250917s9999 xx 000 0 eng d
037 ## - SOURCE OF ACQUISITION
Stock number Textual
040 ## - CATALOGING SOURCE
Original cataloging agency DSWL
Language of cataloging eng
Transcribing agency DSWL
041 ## - LANGUAGE CODE
Language code of text/sound track or separate title eng
Source of code eng
084 ## - COLON CLASSIFICATION NUMBER
Classification number Y7:(L)0aT, P9
Assigning agency DSWL
100 ## - MAIN ENTRY--PERSONAL NAME
Personal name Bensley, Robert J
9 (RLIN) 844200
245 #0 - TITLE STATEMENT
Title Community health education methods : A practical guide
Statement of responsibility, etc. by Robert J Bensley
260 ## - PUBLICATION, DISTRIBUTION, ETC.
Place of publication, distribution, etc. Boston
Name of publisher, distributor, etc. Jones & Bartlett Publishers
Date of publication, distribution, etc. 2009
300 ## - PHYSICAL DESCRIPTION
Extent xxii,398 p.
365 ## - TRADE PRICE
Price type code INR
Price amount 2098 . 0
650 ## - SUBJECT ADDED ENTRY--TOPICAL TERM
Topical term or geographic name entry element Jodi BROOKINS-FISHER
9 (RLIN) 844201
925 ## -
-- 2098 . 0
942 ## - ADDED ENTRY ELEMENTS (KOHA)
Koha item type Textual
Classification part Y7:(L)0aT, P9
Holdings
Withdrawn status Lost status Damaged status Not for loan Home library Current library Date acquired Total Checkouts Full call number Barcode Date last seen Price effective from Koha item type
        Department of Social Work Library Department of Social Work Library 2025-09-23   Y7:(L)0aT, P9 SW0030457 2025-09-23 2025-09-23 Textual
Copyright @ Delhi University Library System